Chronicle General Studies: (Record no. 209352)

MARC details
000 -LEADER
fixed length control field 00659nam a22001937a 4500
005 - DATE AND TIME OF LATEST TRANSACTION
control field 20250430113947.0
010 ## - LCCN (DPL NO)
LC control number ENG-144731
020 ## - INTERNATIONAL STANDARD BOOK NUMBER
International Standard Book Number 9788197146985
Terms of availability 275.00
035 ## - SYSTEM CONTROL NUMBER
System control number en-128263
037 ## - SOURCE OF ACQUISITION
Source of stock number/acquisition DBAD
082 ## - DEWEY DECIMAL CLASSIFICATION NUMBER
Classification number 000
245 ## - TITLE STATEMENT
Title Chronicle General Studies:
Remainder of title IAS Mains Q&A Paper I to IV 2019-2023
Statement of responsibility, etc Edited by N.N. Ojha
260 ## - PUBLICATION, DISTRIBUTION, ETC. (IMPRINT)
Place of publication, distribution, etc Noida
Name of publisher, distributor, etc Chronicle Publication
Date of publication, distribution, etc 2024
270 ## - ADDRESS
Address A-27D, Sector 16
City Noida
Postal code 201301
Telephone number 0120-2514610/12
Electronic mail address info@chronicleindia.in
300 ## - PHYSICAL DESCRIPTION
Extent Various pages.
Dimensions 28cm(pbk)
500 ## - GENERAL NOTE
General note UPSC Civil Services <br/>Topic-Wise PYQ Solved Papers
700 ## - ADDED ENTRY--PERSONAL NAME
Personal name Ojha, N.N.
9 (RLIN) 77953
942 ## - ADDED ENTRY ELEMENTS (KOHA)
Source of classification or shelving scheme Dewey Decimal Classification
Item type English Books
Classification part 000
Call number suffix CHR
Holdings
Withdrawn status Lost status Not for loan Collection code Home library Current library Date acquired Source of acquisition Cost, normal purchase price Full call number Barcode Copy number Cost, replacement price Koha item type
      Non-fiction Mobile Library Mobile Library 30/04/2025 Delivery of Books Act Division 275.00 000 CHR EN-128263 1 275.00 English Books

© Delhi Public Library
Hit Counter
free hit counter